Educación para la ciudadanía 2 /
Guardado en:
| Autor Principal: | |
|---|---|
| Otros Autores: | |
| Formato: | Libro |
| Publicado: |
Buenos Aires :
Sm,
2009
|
| Materias: | |
| Etiquetas: |
Agregar Etiqueta
Sin Etiquetas, Sea el primero en etiquetar este registro!
|
| LEADER | 01392nam a22003255a 4500 | ||
|---|---|---|---|
| 001 | CEM.cems013333 | ||
| 005 | 20100415092327.0 | ||
| 008 | 130507s2009##################000#0#####d | ||
| 003 | CEMS | ||
| 020 | |a 9789875734388 | ||
| 082 | 0 | 4 | |a Z320 |
| 100 | 1 | |a Lucarini, Marcelo | |
| 245 | 1 | 0 | |a Educación para la ciudadanía 2 / |c Marcelo Lucarini y Graciela Browarnik |
| 260 | |a Buenos Aires : |b Sm, |c 2009 | ||
| 300 | |a 160 p. | ||
| 500 | |a Para 2do. año Educación Secundaria Básica | ||
| 505 | 0 | |a El poder -- Estado y nación -- El gobierno -- La Constitución Nacional -- El Poder Legislativo -- El Poder Ejecutivo y el Poder Judicial -- La democracia -- Participación ciudadana -- El ejercicio autoritario del poder -- Educación vial | |
| 653 | |a Educación ciudadana | ||
| 653 | |a Poder y derechos | ||
| 653 | |a Estado-organización | ||
| 653 | |a Cuidadanía | ||
| 653 | |a Participación política | ||
| 653 | |a Democracia | ||
| 653 | |a Educación cívica-2º esb | ||
| 700 | 1 | |a Browarnik, Graciela | |
| 859 | |a CEMS |b BIB. CEMS - 11 de abril |h Z320 |i L962 |p 25845.10 |t Ej.1 |v 2 |3 2 | ||
| 859 | |a CEMS |b BIB. CEMS - 11 de abril |h Z320 |i L962 |p 26422.12 |t Ej.2 |v 2 |3 2 | ||
| 859 | |a CEMS |b BIB. CEMS - 11 de abril |h Z320 |i L962 |p 26423.12 |t Ej.3 |v 2 |3 2 | ||
| 859 | |a CEMS |b BIB. CEMS - 11 de abril |h Z320 |i L962 |p 26480.12 |t Ej.4 |v 2 |3 2 | ||
| 859 | |a CEMS |b BIB. CEMS - 11 de abril |h Z320 |i L962 |p 26502.12 |t Ej.5 |v 2 |3 2 | ||
